Organisation development through teambuilding : planning a cost effective strategy /

Bibliographic Details
Main Author: Woodcock, Mike
Other Authors: Francis, Dave, 1941-
Format: Book
Language:English
Published: New York : Wiley, [1981]
Subjects:

MARC

Tag First Indicator Second Indicator Subfields
LEADER 00000pam a2200000 a 4500
001 in00000074745
005 20160108111402.0
008 810422s1981 nyua b 00010 eng
010 |a  81007399  
020 |a 0470272058 
035 |a (OCoLC)07554304 
035 |9 AAJ1618AM 
039 0 |a 2  |b 3  |c 3  |d 3  |e 3 
040 |a DLC  |c DLC  |d TXA  |d UtOrBLW 
049 |a TXAM  |c [1361410] 
050 0 0 |a HD66  |b .W66 
082 0 |a 658.4/036  |2 19 
100 1 |a Woodcock, Mike. 
245 1 0 |a Organisation development through teambuilding :  |b planning a cost effective strategy /  |c Mike Woodcock and Dave Francis. 
264 1 |a New York :  |b Wiley,  |c [1981] 
264 4 |c ©1981 
300 |a ix, 157 pages :  |b illustrations ;  |c 23 cm. 
336 |a text  |b txt  |2 rdacontent 
337 |a unmediated  |b n  |2 rdamedia 
338 |a volume  |b nc  |2 rdacarrier 
500 |a "A Halsted Press book." 
504 |a Includes bibliographical references. 
650 0 |a Teams in the workplace. 
650 0 |a Organizational change. 
700 1 |a Francis, Dave,  |d 1941- 
999 |a MARS 
999 f f |s 7722901b-525c-3291-bd8c-1a335bc42af6  |i db07eb30-c30b-345c-a024-876739553e03  |t 0 
952 f f |p ric  |a Texas A&M University  |b Rellis Campus  |c Joint Library Facility  |d Remote Storage  |t 0  |e HD66 .W66  |h Library of Congress classification  |i unmediated -- volume  |m A14806124697 
998 f f |a HD66 .W66  |t 0  |l Remote Storage